01426cam a22003135a 450000500170000000800410001701000140005802000230007203500130009503700130010804000130012108200100013411101560014424501440030026000450044427000560048930000300054550000510057552000260062665000770065265000500072965100820077970000300086170000240089170000260091594200240094199900170096595201300098220091103014612.0090911s2009 ii ab b 100 0 eng d aENG-95393 a8185753946c695.00 aEN-78926 bDBAD/PUB aDPLbeng a891.4 aInternational IACLALS Conference on 1857 and After: Colonialism, Violence, and Literature cDept. of English, Banaras Hindu University)d(2007 91774 a(One thousand eight hundred fifty seven)1857 and after : cedited by R. N. Rai, Anita Singh [and] Archana Kumarbliterary representations / aNew Delhi bPencraft Internationalc2009 a4262/3,. Ansari Road, Darya GanjbNew Delhie110002 a267p.:c22 cm. (Hb)bill. aIncludes bibliographical references and index. aContributed articles. aIndic literaturey19th centuryxHistory and criticismvCongresses.91765 aNationalism in literature vCongresses.91766 ySepoy Rebellion, 1857-1858 xLiterature and the rebellion vCongresses.91767 aSingh, Anitad1963-91768 aArchana Kumar91769 aRai, Rama Nand.91775 2ddccENmONEh891.4 c31623d31623 00102ddc40718NFICaDBADbDBADd2009-11-10eDBAD / PUBg695.00l0o891.4 ONEpEN-78926r2009-11-10 00:00:00t1v695.00yEN